000 00357 a2200133 4500
001 91653
082 _aPR 1621
090 _c43813
_d43812
100 _aAsif Sarwar; Prof Zafar mahmood Advisor
245 _aTo Design and Fabricate Servo Control Stabilizer
_n51 "B" EC
260 _aRawalpindi
_bNUST
_c1999
300 _a85p
500 _aBE Project Reports
942 _aCAE NUST
_kPR 1621
999 _c326726
_d326726